Tiempo de silencio

Guardado en:
Bibliografiske detaljer
Hovedforfatter: Martín - Santos, Luis
Format: Bog
Sprog:Undetermined
Udgivet: Barcelona, España Editorial Seix Barral 1962
Fag:
Tags: Tilføj Tag
Ingen Tags, Vær først til at tagge denne postø!

MARC

LEADER 00000nam a2200000Ia 4500
008 170316s9999 xx 000 0 und d
040 |a cru BVZT 
090 |a 862 M-21t 
100 |a Martín - Santos, Luis 
245 |a Tiempo de silencio 
260 |a Barcelona, España 
260 |b Editorial Seix Barral 
260 |c 1962 
300 |a 222 páginas 
650 |a LITERATURA ESPAÑOLA 
650 |a NOVELA 
999 |c 10119  |d 10119 
942 |c 15 D  |h 862 M-21t  |2 z